00380nam a2200181Ia 4500003000900000008004100009040001300050040001300063041000800076100001900084245003400103250001000137260001300147260000900160300001100169300001200180490000600192IT-RoPAU120407s9999 xx 000 0 und d aIT-RoPAU cIT-RoPAU afra aJean Danielou  aAu Commencement Genése I-II aParis aDu Seuil c1963 a123 p. c18,5 cm v1